| 000 | 00886nam a2200229 a 4500 | ||
|---|---|---|---|
| 001 | 54387 | ||
| 003 | BD-RjUL | ||
| 005 | 20211209080119.0 | ||
| 008 | 160228s1961 ii ||||| |||| 00| 0 ben d | ||
| 035 | _a(BD-RjUL)54509 | ||
| 040 |
_aBD-RjUL _bben _cBD-RjUL |
||
| 041 | _aben | ||
| 082 |
_223 _a891.4409 _bKHB 1961 |
||
| 100 |
_aখান, আজহারউদ্দীন _9119647 |
||
| 245 | 1 | 0 |
_aবাংলা সাহিত্যে মোহিতলাল / _cআজহারউদ্দীন খান |
| 250 | _a১ম সং. | ||
| 260 |
_aকলিকাতা : _bজিজ্ঞাসা, _c১৯৬১ |
||
| 300 |
_aviii, ২১৬ পৃ. ; _c২২ সেমি. |
||
| 650 |
_aবাংলা সাহিত্য _xইতিহাস ও সমালোচনা _9118060 |
||
| 650 |
_aBengali literature _xHistory and criticism. _9117020 |
||
| 942 |
_2ddc _cBK _01 |
||
| 999 |
_c54387 _d54387 |
||